000 00595nam a2200229Ia 4500
003 OSt
005 20230425093126.0
008 210423s2010 xx 000 0 und d
020 _a9788130916002
040 _cAL
041 _aeng
082 _a330.0151
_223
_bSIMC
100 _aSIMON (Carl P);BLUME (Lawrence)
_992240
245 _aMathematics for economists
260 _aNew Delhi
_bViva Books Pvt Ltd
_c2010
300 _axxiv,930
_bPB
365 _b495
_cINR
650 _aEconomics
_992241
650 _aEconomics
_992241
906 _aeconomists ; Mathematics
942 _2ddc
_cBK
999 _c160950
_d160950